000 00419nam a2200181Ia 4500
005 20250423095010.0
008 250422s9999 xx 000 0 und d
020 _a0-89296-765-X
050 _aPS3563.U397D43
100 _aMarcia Muller
245 0 _aDead Midnight
260 _aNew York
260 _bMysterious Press Books
260 _c2002
300 _a289 p
650 _aEnglish Literature
942 _cBK
999 _c28931
_d28931